Welcome to CU Library Online Public Access Catalogue (OPAC)

Current Medical Diagnosis & Treatment/ LANGE 2008 (Record no. 3308)

MARC details
000 -LEADER
fixed length control field 00549nam a22001697a 4500
005 - DATE AND TIME OF LATEST TRANSACTION
control field 20250131145730.0
008 - FIXED-LENGTH DATA ELEMENTS--GENERAL INFORMATION
fixed length control field 250131b |||||||| |||| 00| 0 eng d
020 ## - INTERNATIONAL STANDARD BOOK NUMBER
International Standard Book Number 9780071494304
050 ## - LIBRARY OF CONGRESS CALL NUMBER
Classification number RC71
Item number .A14
245 ## - TITLE STATEMENT
Title Current Medical Diagnosis & Treatment/ LANGE 2008
Statement of responsibility, etc. edited by Stephen J. McPhee, Maxine A. Papadakis
250 ## - EDITION STATEMENT
Edition statement 47th ed.
260 ## - PUBLICATION, DISTRIBUTION, ETC.
Place of publication, distribution, etc. New York
Name of publisher, distributor, etc. McGraw Hill Medical
Date of publication, distribution, etc. 2008
300 ## - PHYSICAL DESCRIPTION
Extent xviii. 1673p.
Other physical details ill. some color
Dimensions 25.5cm
700 ## - ADDED ENTRY--PERSONAL NAME
Personal name McPhee, Stephen J.
700 ## - ADDED ENTRY--PERSONAL NAME
Personal name Papadakis, Maxine A.
942 ## - ADDED ENTRY ELEMENTS (KOHA)
Source of classification or shelving scheme Library of Congress Classification
Koha item type Books
Edition 47th ed.
Suppress in OPAC No
999 ## -
-- 3308
-- 3308
Holdings
Withdrawn status Lost status Source of classification or shelving scheme Damaged status Not for loan Collection Home library Current library Shelving location Date acquired Total checkouts Full call number Barcode Date last seen Copy number Price effective from Koha item type
    Library of Congress Classification     Non-fiction Science Library (Miotso) Science Library (Miotso) General stacks 01/31/2025   RC71 .A14 CUR SLM00002671 01/31/2025 1 01/31/2025 Books
    Library of Congress Classification     Non-fiction Science Library (Miotso) Science Library (Miotso) General stacks 01/31/2025   RC71 .A14 CUR SLM00002672 01/31/2025 2 01/31/2025 Books
    Library of Congress Classification     Non-fiction Science Library (Miotso) Science Library (Miotso) General stacks 01/31/2025   RC71 .A14 CUR SLM00002673 01/31/2025 3 01/31/2025 Books
    Library of Congress Classification     Non-fiction Science Library (Miotso) Science Library (Miotso) General stacks 01/31/2025   RC71 .A14 CUR SLM00002674 01/31/2025 4 01/31/2025 Books
    Library of Congress Classification     Non-fiction Science Library (Miotso) Science Library (Miotso) General stacks 01/31/2025   RC71 .A14 CUR SLM00002675 01/31/2025 5 01/31/2025 Books
© 2023-2024 Copyright: Central University Libraries. All Rights Reserved | Created by: Mahone Tech Office